UBT Library

Thriving On Chaos Handbook For A Managemnt Revolution (Record no. 53729)

000 -LEADER
fixed length control field 00324nam a22001337a 4500
008 - FIXED-LENGTH DATA ELEMENTS--GENERAL INFORMATION
fixed length control field 181224b xxu||||| |||| 00| 0 eng d
020 ## - INTERNATIONAL STANDARD BOOK NUMBER
International Standard Book Number 9780394567846
041 ## - LANGUAGE CODE
Language code of text/sound track or separate title eng
080 ## - UNIVERSAL DECIMAL CLASSIFICATION NUMBER
Universal Decimal Classification number 338
100 ## - Rafti
Rafti 55
101 ## - Shkurtesa
Shkurtesa MAN
245 ## - TITLE STATEMENT
Title Thriving On Chaos Handbook For A Managemnt Revolution
Statement of responsibility, etc Tom.P
942 ## - ADDED ENTRY ELEMENTS (KOHA)
Source of classification or shelving scheme
Item type Books
Holdings
Withdrawn status Lost status Source of classification or shelving scheme Damaged status Not for loan Collection code Permanent location Current location Shelving location Date acquired Total Checkouts Full call number Barcode Date last seen Price effective from Koha item type
          Koleksioni i përgjithshem UBT - Lipjan UBT - Lipjan Koleksioni i përgjithshem 12/24/2018   338 TOM 002-3021614 12/24/2018 12/24/2018 Books
          Koleksioni i përgjithshem UBT - Lipjan UBT - Lipjan Koleksioni i lëndeve mesimore 03/03/2021   338 TOM 002-6000266 03/03/2021 03/03/2021 Books
UBT Library © 2015-2024. All rights reserved University Education for Business and Technology